00324nam a2200097Ia 4500008004100000020001800041100002000059245006300079260006400142300002000206180315s9999 xx 000 0 und d a9781433821363 aSarnat, Joan E. aSupervision essentials for psychodynamic psychotherapies : aWashington, D.C :b2016cAmerican Psychological Association axiii, 170 pages